Fifa 22 Top 25 Belgium Players - Statistics

General Stats
  • This quiz has been taken 188 times
  • The average score is 16 of 25
Answer Stats
Rating Club Player % Correct
91 Manchester City Kevin De Bruyne
100%
85 Real Madrid Eden Hazard
97%
89 Real Madrid Thibaut Courtois
97%
82 Borussia Dortmund Thorgan Hazard
97%
88 Chelsea Romelu Lukaku
93%
84 Leicester City Youri Tielemans
88%
84 Napoli Dries Mertens
87%
84 Atletico Madrid Yannick Carrasco
83%
83 Borussia Dortmund Axel Witsel
80%
81 SL Benfica Jan Vertonghen
74%
86 VFL Wolfsburg Koen Casteels
74%
81 Real Sociedad Adnan Januzaj
61%
77 Brighton & Hove Albion Leandro Trossard
60%
77 Wolves Leander Dendoncker
59%
80 Olympique Lyon Jason Denayer
58%
77 Stade Rennes Jeremy Doku
56%
79 Leicester City Timothy Castagne
54%
78 Club Brugge Hans Vanaken
52%
80 Club Brugge Simon Mignolet
52%
78 Hertha BSC Dedryck Boyata
42%
80 Royal Antwerp Radja Nainggolan
34%
79 Guangzhou R&F Mousa Dembele
33%
77 Medipol Basaksehir Nacer Chadli
33%
78 Torino Dennis Praet
31%
77 KRC Genk Theo Bongonda
9%
No matching quizzes found
Score Distribution
Percent of People with Each Score
Percentile by Number Answered
Your Score History
You have not taken this quiz